| 000 | 00972nas a2200301 4500 | ||
|---|---|---|---|
| 001 | BR2013010620 | ||
| 003 | BR-BrBNA | ||
| 005 | 20231205123506.0 | ||
| 007 | ta | ||
| 008 | 230509b bl.|||p| |||| 00| 00por d | ||
| 040 |
_aBR-BrBNA _bpor _cBiblioteca Nacional de Agricultura |
||
| 041 | _a(Pt) | ||
| 072 | _aE11 | ||
| 100 | 1 | _aFernandes, L.A. | |
| 100 | 1 | _aLopes, P.S. do N. | |
| 100 | 1 | _aD'Angelo, S. | |
| 100 | 1 | _aDayrell, C.A. | |
| 100 | 1 | _aSampaio, R.A. | |
| 245 | 1 | _aRelação entre o conhecimento local, atributos químicos e físicos do solo e uso das terras | |
| 650 | _aSOLO | ||
| 650 | _aPROPRIEDADE FÍSICO-QUÍMICA | ||
| 650 | _aUSO DA TERRA | ||
| 650 | _aREFORMA AGRÁRIA | ||
| 773 | 0 |
_tRevista Brasileira de Ciência do Solo (Brazil) _xISSN 0100-0683 _g(May-Jun 2008), v. 32(3) p. 1355-1365 _wBR2013010620 |
|
| 856 | 4 | 0 | _uhttp://www.scielo.br/pdf/rbcs/v32n3/a43v32n3.pdf |
| 909 |
_a202311 _bLúcia _c55 _dLúcia Elande |
||
| 942 |
_2AGRIS _n0 _cANA |
||
| 999 |
_c234178 _d234178 |
||